[Event "Oberliga Ost-A 0506"]
[Site "Germany"]
[Date "2006.02.19"]
[Round "8.1"]
[White "Bores, Miroslav"]
[Black "Proehl, Holger"]
[Result "0-1"]
[WhiteElo "2221"]
[BlackElo "2397"]
[PlyCount "80"]
[EventDate "2005.11.13"]
[EventType "team-tourn"]
[EventRounds "11"]
[EventCountry "GER"]
[SourceTitle "EXT 2007"]
[Source "ChessBase"]
[SourceDate "2006.11.23"]
[SourceVersion "1"]
[SourceVersionDate "2006.11.23"]
[SourceQuality "1"]
[WhiteTeam "Ebersbach"]
[BlackTeam "Loeberitz"]
[WhiteTeamCountry "GER"]
[BlackTeamCountry "GER"]

1. e4 b6 2. d4 Bb7 3. d5 Nf6 4. Nd2 c6 5. dxc6 Nxc6 6. Ngf3 g6 7. e5 Ng4 8. Nc4 b5 9. h3 bxc4 10. hxg4 Nxe5 11. Qd4 Bg7 12. Nxe5 Qa5+ 13. Bd2 Qxe5+ 14. Qxe5 Bxe5 15. Bc3 Bxc3+ 16. bxc3 Rc8 17. Rb1 Ba8 18. Bxc4 0-0 19. Bd3 Bxg2 20. Rg1 Bd5 21. Kd2 Rc7 22. a4 Kg7 23. Rb5 e6 24. Rg3 Rfc8 25. Ra5 Rh8 26. f4 h5 27. gxh5 Rxh5 28. f5 Bc6 29. c4 exf5 30. Rxf5 Rxf5 31. Bxf5 Bxa4 32. Bd3 Rc5 33. Kc3 Bc6 34. Kd4 Rh5 35. Rg1 a5 36. Be2 Rh4+ 37. Kc5 f5 38. Bd3 Kf6 39. Rf1 a4 40. Kd6 Rh1 0-1

[Event "Oberliga Ost-A 0506"]
[Site "Germany"]
[Date "2005.11.27"]
[Round "3.1"]
[White "Klawa, Patrick"]
[Black "Bores, Miroslav"]
[Result "1-0"]
[WhiteElo "2276"]
[BlackElo "2221"]
[PlyCount "137"]
[EventDate "2005.11.13"]
[EventType "team-tourn"]
[EventRounds "11"]
[EventCountry "GER"]
[SourceTitle "EXT 2007"]
[Source "ChessBase"]
[SourceDate "2006.11.23"]
[SourceVersion "1"]
[SourceVersionDate "2006.11.23"]
[SourceQuality "1"]
[WhiteTeam "Coswig"]
[BlackTeam "Ebersbach"]
[WhiteTeamCountry "GER"]
[BlackTeamCountry "GER"]

1. e4 c5 2. Nf3 e6 3. d3 b6 4. g3 Bb7 5. Bg2 d6 6. 0-0 Nd7 7. Qe2 Qc7 8. d4 cxd4 9. Nxd4 a6 10. c4 Be7 11. Be3 Ngf6 12. Nd2 Nc5 13. f3 0-0 14. Rac1 g6 15. g4 e5 16. Nc2 Ne6 17. Nb4 a5 18. Nd5 Nxd5 19. exd5 Nf4 20. Bxf4 exf4 21. Qe4 Qc5+ 22. Kh1 Bg5 23. Qe1 Rae8 24. Ne4 Qd4 25. Qc3 Rxe4 26. fxe4 Qe3 27. Rf3 Qxc3 28. Rcxc3 a4 29. Rc2 Bc8 30. h3 Re8 31. Ra3 Bd7 32. b3 f5 33. exf5 axb3 34. axb3 gxf5 35. Bf3 Re3 36. Kg2 fxg4 37. hxg4 Bxg4 38. Bxg4 Rg3+ 39. Kf1 Rxg4 40. Rg2 h5 41. Kf2 Bh4+ 42. Kf3 Bg3 43. Ra7 Rg7 44. Rga2 h4 45. Rxg7+ Kxg7 46. Kg4 Kf7 47. Ra6 Bf2 48. Kf5 f3 49. Ra7+ Kf8 50. Kg4 Bg1 51. Kxh4 f2 52. Ra1 Ke7 53. Kh3 Kd7 54. Kg2 Kc8 55. Ra7 b5 56. Rf7 bxc4 57. bxc4 f1Q+ 58. Kxf1 Bd4 59. Ke2 Kd8 60. Kd3 Be5 61. Ke4 Ke8 62. Rh7 Bg3 63. Kf5 Kd8 64. Ke6 Kc8 65. Rd7 Bf4 66. Rxd6 Kc7 67. Rd7+ Kb6 68. Rf7 Bg3 69. d6 1-0

[Event "Prague op-A 04th"]
[Site "Prague"]
[Date "2005.01.15"]
[Round "2"]
[White "Van der Weide, Karel"]
[Black "Bores, Miroslav"]
[Result "1-0"]
[WhiteElo "2490"]
[BlackElo "2214"]
[PlyCount "75"]
[EventDate "2005.01.14"]
[EventType "swiss"]
[EventRounds "9"]
[EventCountry "CZE"]
[SourceTitle "CBM 104 Extra"]
[Source "ChessBase"]
[SourceDate "2005.03.01"]
[SourceVersion "1"]
[SourceVersionDate "2005.03.01"]
[SourceQuality "1"]

1. e4 c5 2. Nf3 d6 3. d4 cxd4 4. Nxd4 Nf6 5. Nc3 a6 6. g3 Bg4 7. f3 Bd7 8. Be3 e6 9. g4 h6 10. h4 Nc6 11. Rg1 Nxd4 12. Qxd4 Bc6 13. 0-0-0 Nd7 14. g5 hxg5 15. hxg5 Ne5 16. Be2 b5 17. f4 Ng6 18. f5 exf5 19. exf5 Rh4 20. Rg4 Rxg4 21. Qxg4 Ne5 22. Qd4 Qa5 23. Kb1 Rc8 24. Ne4 Rd8 25. Bf4 Qc7 26. Rd2 a5 27. Nc3 b4 28. Nd5 Qb8 29. b3 Rd7 30. Nb6 Rb7 31. Nc4 Nxc4 32. Bxc4 Rd7 33. g6 fxg6 34. fxg6 Qa7 35. Bf7+ Kd8 36. Bg5+ Be7 37. Bxe7+ Rxe7 38. Qxd6+ 1-0

[Event "CZE-chT2b 0001"]
[Site "Czech Republic"]
[Date "2001.??.??"]
[Round "?"]
[White "Vaculik, Martin"]
[Black "Bores, Miroslav"]
[Result "1/2-1/2"]
[WhiteElo "2220"]
[BlackElo "2240"]
[PlyCount "48"]
[EventDate "2000.??.??"]
[EventType "team"]
[EventRounds "11"]
[EventCountry "CZE"]
[SourceTitle "EXT 2003"]
[Source "ChessBase"]
[SourceDate "2002.11.25"]
[SourceVersion "1"]
[SourceVersionDate "2002.11.25"]
[SourceQuality "1"]

1. e4 c5 2. Nf3 d6 3. d4 cxd4 4. Nxd4 Nf6 5. Nc3 a6 6. Be2 e5 7. Nb3 Be6 8. 0-0 Be7 9. f4 Nc6 10. f5 Bxb3 11. axb3 Nb4 12. Bg5 Rc8 13. Bxf6 Bxf6 14. Ra4 Qb6+ 15. Kh1 Bg5 16. Bc4 Rc7 17. Qh5 Bd2 18. Rxb4 Qxb4 19. Nd5 Qc5 20. Nxc7+ Qxc7 21. Rd1 Be3 22. Re1 Bd2 23. Rd1 Be3 24. Re1 Bd2 1/2-1/2

[Event "CZE-chT2b 0001"]
[Site "Czech Republic"]
[Date "2000.??.??"]
[Round "?"]
[White "Bores, Miroslav"]
[Black "Marsalek, Zdenek"]
[Result "0-1"]
[WhiteElo "2230"]
[BlackElo "2270"]
[PlyCount "62"]
[EventDate "2000.??.??"]
[EventType "team"]
[EventRounds "11"]
[EventCountry "CZE"]
[SourceTitle "EXT 2003"]
[Source "ChessBase"]
[SourceDate "2002.11.25"]
[SourceVersion "1"]
[SourceVersionDate "2002.11.25"]
[SourceQuality "1"]

1. c4 f5 2. Nc3 Nf6 3. d3 g6 4. g3 Bg7 5. Bg2 0-0 6. Nf3 d6 7. c5 Nc6 8. 0-0 dxc5 9. Ng5 e6 10. Bxc6 bxc6 11. Qa4 Qd6 12. Rd1 Nd5 13. Bd2 Rb8 14. Rac1 Rxb2 15. Nxd5 cxd5 16. Qxa7 Qb6 17. Qa3 Rb5 18. Rc2 Bb7 19. Qa4 d4 20. Nxe6 Qc6 21. f3 Rb1 22. Rxb1 Qxa4 23. Rcb2 Re8 24. Nxc5 Qc6 25. Bf4 Qxc5 26. Rxb7 Be5 27. R1b5 Qc6 28. Bh6 Bd6 29. Kf2 Qc2 30. Rb8 Qxe2+ 31. Kg1 Kf7 0-1